Europe since waterloo / (Record no. 2386)

MARC details
000 -LEADER
fixed length control field 00591nam a22001937a 4500
003 - CONTROL NUMBER IDENTIFIER
control field BD-DhJNU
005 - DATE AND TIME OF LATEST TRANSACTION
control field 20251119044556.0
008 - FIXED-LENGTH DATA ELEMENTS--GENERAL INFORMATION
fixed length control field 251119b |||||||| |||| 00| 0 eng d
040 ## - CATALOGING SOURCE
Original cataloging agency BD-DhJNU
Language of cataloging ENG
Transcribing agency BD-DhJNU
Modifying agency BD-DhJNU
082 ## - DEWEY DECIMAL CLASSIFICATION NUMBER
Edition number 23
Classification number 940.27
100 ## - MAIN ENTRY--PERSONAL NAME
Personal name Ergang, Robert
245 ## - TITLE STATEMENT
Title Europe since waterloo /
Statement of responsibility, etc. Robert Ergang and Donald G. Rohr
260 ## - PUBLICATION, DISTRIBUTION, ETC.
Place of publication, distribution, etc. India :
Name of publisher, distributor, etc. Surjeet Publications,
Date of publication, distribution, etc. 1987.
300 ## - PHYSICAL DESCRIPTION
Extent xvii, 952 p. :
Other physical details ill. ;
Dimensions 22 cm.
504 ## - BIBLIOGRAPHY, ETC. NOTE
Bibliography, etc. note includes bibliographical reference and index
650 ## - SUBJECT ADDED ENTRY--TOPICAL TERM
Topical term or geographic name entry element Europe-History
700 ## - ADDED ENTRY--PERSONAL NAME
Personal name Rohr, Donald G.
942 ## - ADDED ENTRY ELEMENTS (KOHA)
Source of classification or shelving scheme Dewey Decimal Classification
Koha item type Books
Suppress in OPAC No
Holdings
Withdrawn status Lost status Source of classification or shelving scheme Damaged status Not for loan Collection Home library Current library Shelving location Date acquired Source of acquisition Total checkouts Full call number Barcode Date last seen Copy number Price effective from Koha item type
    Dewey Decimal Classification     Non-fiction Jagannath University Central Library Jagannath University Central Library General stacks 11/19/2025 Purchased   940.27 ERE JNUCL17848 11/19/2025 1 11/19/2025 Books